Công trình cấp thoát nước

Uloženo v:
Podrobná bibliografie
Hlavní autor:  Trương, Chí Hiền
Médium: Sách
Jazyk:Undetermined
Vydáno:  Đại học Quốc gia Tp. Hồ Chí Minh  2010
Témata:
Tagy: Přidat tag
Žádné tagy, Buďte první, kdo otaguje tento záznam!
Thư viện lưu trữ: Trung tâm Thư viện - Trường Đại học Công nghiệp TP. Hồ Chí Minh
LEADER 00591nam a2200157Ia 4500
001 UIH_03019
008 231011s9999 xx 000 0 und d
082 |a  627.8 
100 |a  Trương, Chí Hiền 
245 0 |a  Công trình cấp thoát nước 
245 0 |c  Trương, Chí Hiền 
260 |b  Đại học Quốc gia Tp. Hồ Chí Minh 
260 |c  2010 
650 |a  Công trình thủy lực; Thoát nước; Cấp nước;  
927 |a Sách 
980 |a Trung tâm Thư viện - Trường Đại học Công nghiệp TP. Hồ Chí Minh